000 00641nam a2200205 u 4500
005 20210223131620.0
008 111107s19982003 r 000 0 eng d
020 _a9681647246
035 _aUPN01000182429
049 _aI
050 4 _aPZ90 H3
_bS5.2
100 1 _aSidon, Ephraim
245 1 0 _aColina calva /
_cEphraim Sidon ; il. de Carlucho ; tr. Heidi Cazés.
260 _aMéxico :
_bFCE,
_c1998 (2003 impr.).
300 _a39 p. :
_bil.
440 0 _aA la orilla del viento.
_pPara los que empiezan a leer ;
_v100
534 _pTraducción de:
_tMa'ale Carajot
650 4 _aCUENTOS INFANTILES HEBREOS
_919943
905 _aInfantil
999 _c154532
_d154532